| Tag |
First Indicator |
Second Indicator |
Subfields |
| LEADER |
00000cam a2200000 a 4500 |
| 001 |
in00001412921 |
| 005 |
20151020061214.0 |
| 008 |
971103s1997 enka b 001 0 eng d |
| 010 |
|
|
|a 97073609
|
| 015 |
|
|
|a GB97-70548
|
| 020 |
|
|
|a 1859726135
|
| 035 |
|
|
|a (OCoLC)37891205
|
| 035 |
|
|
|9 AHN8801AM
|
| 040 |
|
|
|a UKM
|c UKM
|d NGU
|d IXA
|d TXA
|d UtOrBLW
|
| 043 |
|
|
|a e-uk---
|
| 049 |
|
|
|a TXAM
|
| 090 |
|
|
|a HV751.A6
|b S26 1997
|
| 100 |
1 |
|
|a Sanders, Robert.
|
| 245 |
1 |
0 |
|a Area Child Protection Committees /
|c Robert Sanders and Nigel Thomas.
|
| 264 |
|
1 |
|a Aldershot ;
|a Brookfield USA :
|b Ashgate,
|c [1997]
|
| 264 |
|
4 |
|c ©1997
|
| 300 |
|
|
|a viii, 166 pages :
|b illustrations ;
|c 22 cm.
|
| 336 |
|
|
|a text
|b txt
|2 rdacontent
|
| 337 |
|
|
|a unmediated
|b n
|2 rdamedia
|
| 338 |
|
|
|a volume
|b nc
|2 rdacarrier
|
| 490 |
1 |
|
|a Welfare & society
|
| 504 |
|
|
|a Includes bibliographical references (pages 154-161) and index.
|
| 650 |
|
0 |
|a Children
|x Services for
|z Great Britain.
|
| 650 |
|
0 |
|a Abused children
|x Services for
|z Great Britain.
|
| 700 |
1 |
|
|a Thomas, Nigel.
|
| 830 |
|
0 |
|a Welfare and society.
|
| 948 |
|
|
|a c:ce
|
| 999 |
|
|
|a MARS
|
| 999 |
f |
f |
|s 9ffe9f48-cca9-35f4-bfb9-26c4ac88ddbd
|i 545cda10-892c-392c-8cf2-ee31e79ecf17
|t 0
|
| 952 |
f |
f |
|p ric
|a Texas A&M University
|b Rellis Campus
|c Joint Library Facility
|s JLF
|d Remote Storage
|t 0
|e HV751.A6 S26 1997
|h Library of Congress classification
|i unmediated -- volume
|m A14822391555
|
| 998 |
f |
f |
|a HV751.A6 S26 1997
|t 0
|l Remote Storage
|